000 00189 a2200097 4500
020 _a9781512441376
041 _aspa
100 _aElle Parkes
245 _aQue vivan los Pilotos
942 _cK
999 _c27534
_d27534